[Event "DEM U12 2025"]
[Site "Willingen GER"]
[Date "2025.06.08"]
[Round "1"]
[White "Ziem, Ole"]
[Black "König, Lian"]
[Result "1-0"]
[Termination "normal"]
[Board "31"]
[WhiteElo "1670"]
[BlackElo "1450"]
[WhiteClock "00:46:19"]
[BlackClock "00:09:52"]
[PlyCount "83"]
[WhiteFideId "34624791"]
[BlackFideId "34660216"]
[EventCountry "GER"]
[EventRounds "9"]
[EventType "swiss"]
[EventDate "2025.06.07"]

1. e4 {[%clk 01:30:57]} {[%emt 00:00:01]} e5 {[%clk 01:30:56]} {[%emt
00:00:05]} 2. Nf3 {[%clk 01:30:58]} {[%emt 00:00:29]} Nc6 {[%clk 01:31:19]}
{[%emt 00:00:07]} 3. Bc4 {[%clk 01:30:58]} {[%emt 00:00:30]} Nf6 {[%clk
01:31:27]} {[%emt 00:00:22]} 4. d3 {[%clk 01:30:57]} {[%emt 00:00:31]} Bc5
{[%clk 01:31:26]} {[%emt 00:00:30]} 5. c3 {[%clk 01:30:42]} {[%emt 00:00:45]}
a6 {[%clk 01:31:19]} {[%emt 00:00:38]} 6. a4 {[%clk 01:30:46]} {[%emt
00:00:26]} Ba7 {[%clk 01:31:39]} {[%emt 00:00:11]} 7. O-O {[%clk 01:30:34]}
{[%emt 00:00:41]} O-O {[%clk 01:30:57]} {[%emt 00:01:12]} 8. Nbd2 {[%clk
01:30:17]} {[%emt 00:00:47]} h6 {[%clk 01:27:08]} {[%emt 00:04:19]} 9. h3
{[%clk 01:29:49]} {[%emt 00:00:58]} d6 {[%clk 01:27:11]} {[%emt 00:00:28]} 10.
Re1 {[%clk 01:29:11]} {[%emt 00:01:07]} Qe7 {[%clk 01:14:29]} {[%emt 00:13:12]}
11. Nf1 {[%clk 01:27:01]} {[%emt 00:02:40]} Be6 {[%clk 01:06:58]} {[%emt
00:08:01]} 12. Bb3 {[%clk 01:23:49]} {[%emt 00:03:42]} Rab8 {[%clk 01:02:33]}
{[%emt 00:04:55]} 13. Be3 {[%clk 01:16:49]} {[%emt 00:07:30]} Bxb3 {[%clk
00:58:37]} {[%emt 00:04:26]} 14. Qxb3 {[%clk 01:11:30]} {[%emt 00:05:48]} Qe6
{[%clk 00:51:37]} {[%emt 00:07:30]} 15. Qc2 {[%clk 01:09:15]} {[%emt 00:02:46]}
Nh5 {[%clk 00:46:08]} {[%emt 00:05:58]} 16. Bxa7 {[%clk 01:04:49]} {[%emt
00:04:56]} Nxa7 {[%clk 00:46:27]} {[%emt 00:00:10]} 17. d4 {[%clk 01:05:01]}
{[%emt 00:00:19]} exd4 {[%clk 00:37:55]} {[%emt 00:09:02]} 18. cxd4 {[%clk
01:05:24]} {[%emt 00:00:07]} Qd7 {[%clk 00:35:52]} {[%emt 00:02:31]} 19. Rac1
{[%clk 01:04:47]} {[%emt 00:01:09]} c6 {[%clk 00:31:37]} {[%emt 00:04:45]} 20.
Ne3 {[%clk 01:02:46]} {[%emt 00:02:31]} Rfe8 {[%clk 00:28:44]} {[%emt
00:03:22]} 21. Nf5 {[%clk 01:01:30]} {[%emt 00:01:46]} Nc8 {[%clk 00:27:32]}
{[%emt 00:01:42]} 22. e5 {[%clk 00:53:08]} {[%emt 00:08:53]} d5 {[%clk
00:26:19]} {[%emt 00:01:42]} 23. N3h4 {[%clk 00:50:57]} {[%emt 00:02:42]} Ne7
{[%clk 00:26:03]} {[%emt 00:00:46]} 24. Nd6 {[%clk 00:50:40]} {[%emt 00:00:47]}
Rf8 {[%clk 00:22:30]} {[%emt 00:04:03]} 25. Nxf7 {[%clk 00:46:36]} {[%emt
00:04:34]} Rxf7 {[%clk 00:21:57]} {[%emt 00:01:03]} 26. e6 {[%clk 00:46:58]}
{[%emt 00:00:08]} Qe8 {[%clk 00:22:00]} {[%emt 00:00:25]} 27. exf7+ {[%clk
00:47:12]} {[%emt 00:00:18]} Qxf7 {[%clk 00:22:14]} {[%emt 00:00:15]} 28. Nf3
{[%clk 00:46:57]} {[%emt 00:00:45]} Qf6 {[%clk 00:16:06]} {[%emt 00:06:38]} 29.
Qe2 {[%clk 00:46:33]} {[%emt 00:00:55]} Nf5 {[%clk 00:14:49]} {[%emt 00:01:47]}
30. Qe5 {[%clk 00:45:18]} {[%emt 00:01:45]} Qxe5 {[%clk 00:14:09]} {[%emt
00:01:10]} 31. Rxe5 {[%clk 00:45:40]} {[%emt 00:00:07]} Nf4 {[%clk 00:13:09]}
{[%emt 00:01:31]} 32. Rce1 {[%clk 00:45:17]} {[%emt 00:00:54]} Nd3 {[%clk
00:09:43]} {[%emt 00:03:55]} 33. Rxf5 {[%clk 00:45:39]} {[%emt 00:00:08]} Nxe1
{[%clk 00:10:04]} {[%emt 00:00:08]} 34. Nxe1 {[%clk 00:46:06]} {[%emt
00:00:04]} Re8 {[%clk 00:10:11]} {[%emt 00:00:22]} 35. Nd3 {[%clk 00:45:37]}
{[%emt 00:01:00]} Re2 {[%clk 00:09:58]} {[%emt 00:00:43]} 36. Kf1 {[%clk
00:45:05]} {[%emt 00:01:02]} Rd2 {[%clk 00:10:11]} {[%emt 00:00:17]} 37. Rf3
{[%clk 00:45:29]} {[%emt 00:00:06]} Rd1+ {[%clk 00:09:58]} {[%emt 00:00:44]}
38. Ke2 {[%clk 00:45:53]} {[%emt 00:00:05]} Ra1 {[%clk 00:10:16]} {[%emt
00:00:12]} 39. b3 {[%clk 00:45:40]} {[%emt 00:00:43]} Ra2+ {[%clk 00:09:38]}
{[%emt 00:01:07]} 40. Kd1 {[%clk 00:45:58]} {[%emt 00:00:12]} Ra1+ {[%clk
00:09:35]} {[%emt 00:00:34]} 41. Kc2 {[%clk 00:46:15]} {[%emt 00:00:13]} Rg1
{[%clk 00:09:52]} {[%emt 00:00:12]} 42. g4 {[%clk 00:46:19]} {[%emt 00:00:27]}
1-0

[Event "DEM U12 2025"]
[Site "Willingen GER"]
[Date "2025.06.08"]
[Round "1"]
[White "Tran, Nhat Nam"]
[Black "Wagener, Nicolas"]
[Result "1/2-1/2"]
[Termination "normal"]
[Board "32"]
[WhiteElo "1341"]
[BlackElo "1765"]
[WhiteClock "00:01:26"]
[BlackClock "00:32:57"]
[PlyCount "114"]
[WhiteFideId "34692193"]
[BlackFideId "34607935"]
[EventCountry "GER"]
[EventRounds "9"]
[EventType "swiss"]
[EventDate "2025.06.07"]

1. d4 {[%clk 01:30:59]} {[%emt 00:00:02]} d5 {[%clk 01:30:59]} 2. Bf4 {[%clk
01:31:16]} {[%emt 00:00:13]} c5 {[%clk 01:30:56]} {[%emt 00:00:33]} 3. e3
{[%clk 01:31:24]} {[%emt 00:00:22]} Nc6 {[%clk 01:31:20]} {[%emt 00:00:05]} 4.
Nf3 {[%clk 01:31:21]} {[%emt 00:00:32]} e6 {[%clk 01:31:44]} {[%emt 00:00:07]}
5. c3 {[%clk 01:31:27]} {[%emt 00:00:25]} Bd6 {[%clk 01:30:47]} {[%emt
00:01:27]} 6. Bg3 {[%clk 01:31:48]} {[%emt 00:00:09]} Nf6 {[%clk 01:30:32]}
{[%emt 00:00:45]} 7. Nbd2 {[%clk 01:31:44]} {[%emt 00:00:33]} Ne4 {[%clk
01:30:37]} {[%emt 00:00:24]} 8. Nxe4 {[%clk 01:22:38]} {[%emt 00:09:37]} dxe4
{[%clk 01:31:03]} {[%emt 00:00:04]} 9. Ne5 {[%clk 01:21:53]} {[%emt 00:01:15]}
cxd4 {[%clk 01:30:44]} {[%emt 00:00:49]} 10. Nxc6 {[%clk 01:20:12]} {[%emt
00:02:11]} bxc6 {[%clk 01:31:09]} {[%emt 00:00:06]} 11. Qxd4 {[%clk 01:19:18]}
{[%emt 00:01:23]} Bxg3 {[%clk 01:29:16]} {[%emt 00:02:22]} 12. Qxd8+ {[%clk
01:19:22]} {[%emt 00:00:27]} Kxd8 {[%clk 01:29:41]} {[%emt 00:00:06]} 13. hxg3
{[%clk 01:18:46]} {[%emt 00:01:05]} h6 {[%clk 01:28:32]} {[%emt 00:01:39]} 14.
Rd1+ {[%clk 01:18:22]} {[%emt 00:00:54]} Kc7 {[%clk 01:28:39]} {[%emt
00:00:13]} 15. Bc4 {[%clk 01:17:15]} {[%emt 00:01:47]} Bb7 {[%clk 01:27:51]}
{[%emt 00:01:17]} 16. Kd2 {[%clk 01:15:26]} {[%emt 00:02:20]} Rhd8+ {[%clk
01:26:05]} {[%emt 00:02:14]} 17. Kc2 {[%clk 01:15:43]} {[%emt 00:00:15]} c5
{[%clk 01:25:59]} {[%emt 00:00:36]} 18. a3 {[%clk 00:57:10]} {[%emt 00:19:04]}
Rxd1 {[%clk 01:26:06]} {[%emt 00:00:23]} 19. Rxd1 {[%clk 00:57:13]} {[%emt
00:00:26]} Rd8 {[%clk 01:26:27]} {[%emt 00:00:10]} 20. Rxd8 {[%clk 00:45:01]}
{[%emt 00:12:42]} Kxd8 {[%clk 01:26:51]} {[%emt 00:00:06]} 21. b4 {[%clk
00:45:12]} {[%emt 00:00:19]} cxb4 {[%clk 01:25:29]} {[%emt 00:01:51]} 22. axb4
{[%clk 00:45:30]} {[%emt 00:00:11]} Ke7 {[%clk 01:24:46]} {[%emt 00:01:13]} 23.
Be2 {[%clk 00:40:15]} {[%emt 00:05:45]} f5 {[%clk 01:24:10]} {[%emt 00:01:05]}
24. f4 {[%clk 00:36:32]} {[%emt 00:04:15]} exf3 {[%clk 01:22:19]} {[%emt
00:02:21]} 25. Bxf3 {[%clk 00:36:39]} {[%emt 00:00:23]} Bxf3 {[%clk 01:20:55]}
{[%emt 00:01:53]} 26. gxf3 {[%clk 00:36:58]} {[%emt 00:00:10]} h5 {[%clk
01:20:42]} {[%emt 00:00:44]} 27. f4 {[%clk 00:34:54]} {[%emt 00:02:34]} e5
{[%clk 01:19:50]} {[%emt 00:01:22]} 28. Kd3 {[%emt 00:04:19]} exf4 {[%clk
01:16:58]} 29. exf4 {[%clk 00:34:15]} {[%emt 00:00:43]} Kd6 {[%clk 01:11:55]}
{[%emt 00:05:26]} 30. c4 {[%clk 00:34:14]} {[%emt 00:00:37]} Ke6 {[%clk
01:08:51]} {[%emt 00:03:32]} 31. Kd4 {[%clk 00:34:21]} {[%emt 00:00:25]} a6
{[%clk 01:02:15]} {[%emt 00:07:06]} 32. Ke3 {[%clk 00:08:18]} {[%emt 00:26:33]}
Kd6 {[%clk 00:47:11]} {[%emt 00:15:34]} 33. Kd4 {[%clk 00:08:36]} {[%emt
00:00:11]} Ke6 {[%clk 00:47:32]} {[%emt 00:00:09]} 34. c5 {[%clk 00:02:28]}
{[%emt 00:06:38]} g6 {[%clk 00:39:49]} {[%emt 00:08:14]} 35. c6 {[%clk
00:02:19]} {[%emt 00:00:41]} Kd6 {[%clk 00:39:31]} {[%emt 00:00:46]} 36. c7
{[%clk 00:02:43]} {[%emt 00:00:07]} Kxc7 {[%clk 00:39:57]} {[%emt 00:00:04]}
37. Ke5 {[%clk 00:03:11]} {[%emt 00:00:02]} Kb6 {[%clk 00:39:29]} {[%emt
00:00:58]} 38. Kf6 {[%clk 00:03:39]} {[%emt 00:00:02]} Kb5 {[%clk 00:39:42]}
{[%emt 00:00:16]} 39. Kxg6 {[%clk 00:03:56]} {[%emt 00:00:12]} Kxb4 {[%clk
00:40:05]} {[%emt 00:00:07]} 40. Kxf5 {[%clk 00:04:07]} {[%emt 00:00:20]} a5
{[%clk 00:40:22]} {[%emt 00:00:13]} 41. Kg5 {[%clk 00:04:28]} {[%emt 00:00:09]}
h4 {[%clk 00:35:37]} {[%emt 00:05:15]} 42. gxh4 {[%clk 00:03:53]} {[%emt
00:01:05]} a4 {[%clk 00:36:00]} {[%emt 00:00:07]} 43. f5 {[%clk 00:04:14]}
{[%emt 00:00:09]} a3 {[%clk 00:36:25]} {[%emt 00:00:06]} 44. f6 {[%clk
00:04:39]} {[%emt 00:00:05]} a2 {[%clk 00:36:50]} {[%emt 00:00:05]} 45. f7
{[%clk 00:05:02]} {[%emt 00:00:06]} a1=Q {[%clk 00:37:11]} {[%emt 00:00:08]}
46. f8=Q+ {[%clk 00:05:23]} {[%emt 00:00:10]} Kb3 {[%clk 00:37:17]} {[%emt
00:00:13]} 47. Qf7+ {[%clk 00:04:47]} {[%emt 00:01:16]} Kb4 {[%clk 00:37:22]}
{[%emt 00:00:24]} 48. Qf4+ {[%clk 00:04:46]} {[%emt 00:00:34]} Kb5 {[%clk
00:37:33]} {[%emt 00:00:18]} 49. Qf5+ {[%clk 00:04:51]} {[%emt 00:00:25]} Kb4
{[%clk 00:37:38]} {[%emt 00:00:25]} 50. Qe4+ {[%clk 00:04:22]} {[%emt
00:00:58]} Kb5 {[%clk 00:37:33]} {[%emt 00:00:35]} 51. Qd5+ {[%clk 00:03:52]}
{[%emt 00:01:01]} Kb4 {[%clk 00:37:34]} {[%emt 00:00:23]} 52. Qd6+ {[%clk
00:03:16]} {[%emt 00:01:11]} Kb5 {[%clk 00:37:36]} {[%emt 00:00:21]} 53. h5
{[%clk 00:03:06]} {[%emt 00:00:48]} Qg1 {[%clk 00:35:45]} {[%emt 00:02:18]} 54.
Kf5 {[%clk 00:02:12]} {[%emt 00:01:27]} Qf1 {[%clk 00:34:37]} {[%emt 00:01:35]}
55. Qf4 {[%clk 00:01:58]} {[%emt 00:00:45]} Qb1 {[%clk 00:32:57]} {[%emt
00:02:11]} 56. Kg5 {[%clk 00:01:52]} {[%emt 00:00:37]} Qg1 {[%clk 00:32:57]}
{[%emt 00:00:28]} 57. Kh6 {[%clk 00:01:26]} {[%emt 00:00:59]} Qb6+ {[%clk
00:32:57]} {[%emt 00:00:28]} 1/2-1/2

[Event "DEM U12 2025"]
[Site "Willingen GER"]
[Date "2025.06.08"]
[Round "1"]
[White "Rogner, Alexander Luis"]
[Black "Hübner, Paul"]
[Result "1-0"]
[Termination "normal"]
[Board "33"]
[WhiteElo "1811"]
[BlackElo "1849"]
[WhiteClock "00:48:36"]
[BlackClock "01:08:32"]
[PlyCount "69"]
[WhiteFideId "34606556"]
[BlackFideId "34684115"]
[EventCountry "GER"]
[EventRounds "9"]
[EventType "swiss"]
[EventDate "2025.06.07"]

1. e4 {[%clk 01:30:56]} {[%emt 00:00:03]} c5 {[%clk 01:30:46]} {[%emt
00:00:15]} 2. c3 {[%clk 01:31:19]} {[%emt 00:00:07]} Nf6 {[%clk 01:31:07]}
{[%emt 00:00:09]} 3. e5 {[%clk 01:31:41]} {[%emt 00:00:08]} Nd5 {[%clk
01:31:25]} {[%emt 00:00:13]} 4. d4 {[%clk 01:32:05]} {[%emt 00:00:06]} cxd4
{[%clk 01:31:39]} {[%emt 00:00:15]} 5. Nf3 {[%clk 01:32:20]} {[%emt 00:00:15]}
e6 {[%clk 01:31:57]} {[%emt 00:00:11]} 6. cxd4 {[%clk 01:32:40]} {[%emt
00:00:11]} b6 {[%clk 01:32:04]} {[%emt 00:00:23]} 7. Bc4 {[%clk 01:31:06]}
{[%emt 00:02:03]} Bb7 {[%clk 01:32:23]} {[%emt 00:00:12]} 8. O-O {[%clk
01:30:47]} {[%emt 00:00:49]} d6 {[%clk 01:32:24]} {[%emt 00:00:29]} 9. Qe2
{[%clk 01:28:33]} {[%emt 00:02:45]} Be7 {[%clk 01:31:06]} {[%emt 00:01:47]} 10.
Bd2 {[%clk 01:26:05]} {[%emt 00:02:58]} Nd7 {[%clk 01:30:26]} {[%emt 00:01:09]}
11. Nc3 {[%clk 01:25:19]} {[%emt 00:01:18]} Nxc3 {[%clk 01:30:44]} {[%emt
00:00:11]} 12. Bxc3 {[%clk 01:25:41]} {[%emt 00:00:08]} O-O {[%clk 01:29:52]}
{[%emt 00:01:22]} 13. Rfe1 {[%clk 01:20:39]} {[%emt 00:05:32]} Rc8 {[%clk
01:25:54]} {[%emt 00:04:28]} 14. Bb3 {[%clk 01:20:22]} {[%emt 00:00:47]} Rc7
{[%clk 01:20:36]} {[%emt 00:05:47]} 15. Rad1 {[%clk 01:14:22]} {[%emt
00:06:31]} dxe5 {[%clk 01:18:59]} {[%emt 00:02:06]} 16. Nxe5 {[%clk 01:13:01]}
{[%emt 00:01:51]} Nxe5 {[%clk 01:18:38]} {[%emt 00:00:51]} 17. dxe5 {[%clk
01:12:36]} {[%emt 00:00:56]} Qa8 {[%clk 01:17:34]} {[%emt 00:01:34]} 18. Qg4
{[%clk 01:12:01]} {[%emt 00:01:05]} Rd8 {[%clk 01:16:14]} {[%emt 00:01:50]} 19.
Rc1 {[%clk 01:08:38]} {[%emt 00:03:53]} Rdc8 {[%clk 01:13:57]} {[%emt
00:02:47]} 20. Re3 {[%clk 01:06:24]} {[%emt 00:02:45]} b5 {[%clk 01:12:48]}
{[%emt 00:01:38]} 21. Rce1 {[%clk 01:05:50]} {[%emt 00:01:04]} a6 {[%clk
01:10:59]} {[%emt 00:02:19]} 22. Rg3 {[%clk 01:05:09]} {[%emt 00:01:10]} Bf8
{[%clk 01:10:37]} {[%emt 00:00:53]} 23. Bb4 {[%clk 00:57:13]} {[%emt 00:08:25]}
g6 {[%clk 01:10:36]} {[%emt 00:00:31]} 24. Bxf8 {[%clk 00:57:29]} {[%emt
00:00:15]} Kxf8 {[%clk 01:10:55]} {[%emt 00:00:10]} 25. Qg5 {[%clk 00:56:04]}
{[%emt 00:01:55]} h5 {[%clk 01:10:01]} {[%emt 00:01:24]} 26. h3 {[%clk
00:54:19]} {[%emt 00:02:15]} a5 {[%clk 01:10:01]} {[%emt 00:00:31]} 27. Qf6
{[%clk 00:53:06]} {[%emt 00:01:44]} Kg8 {[%clk 01:10:01]} {[%emt 00:00:28]} 28.
Bxe6 {[%clk 00:51:32]} {[%emt 00:02:05]} Re8 {[%clk 01:08:43]} {[%emt
00:01:48]} 29. Qxg6+ {[%clk 00:48:04]} {[%emt 00:03:58]} Kf8 {[%clk 01:08:51]}
{[%emt 00:00:22]} 30. Qg7+ {[%clk 00:47:56]} {[%emt 00:00:38]} Ke7 {[%clk
01:08:58]} {[%emt 00:00:23]} 31. Qxf7+ {[%clk 00:47:53]} {[%emt 00:00:33]} Kd8
{[%clk 01:09:11]} {[%emt 00:00:17]} 32. Rd3+ {[%clk 00:47:36]} {[%emt
00:00:47]} Bd5 {[%clk 01:09:11]} {[%emt 00:00:29]} 33. Rxd5+ {[%clk 00:47:48]}
{[%emt 00:00:18]} Qxd5 {[%clk 01:09:29]} {[%emt 00:00:12]} 34. Bxd5 {[%clk
00:48:12]} {[%emt 00:00:07]} Rxf7 {[%clk 01:08:32]} {[%emt 00:01:27]} 35. Bxf7
{[%clk 00:48:36]} {[%emt 00:00:07]} 1-0

[Event "DEM U12 2025"]
[Site "Willingen GER"]
[Date "2025.06.08"]
[Round "2"]
[White "Hamann, Friedrich"]
[Black "Nezhyvenko, Mykhaylo"]
[Result "0-1"]
[Termination "normal"]
[Board "1"]
[WhiteElo "1822"]
[BlackElo "2165"]
[WhiteClock "00:00:44"]
[BlackClock "00:45:39"]
[PlyCount "52"]
[WhiteFideId "34622829"]
[BlackFideId "34139885"]
[EventCountry "GER"]
[EventRounds "9"]
[EventType "swiss"]
[EventDate "2025.06.07"]

1. e4 {[%clk 01:30:55]} {[%emt 00:00:04]} e6 {[%clk 01:30:29]} {[%emt
00:00:32]} 2. d4 {[%clk 01:30:58]} {[%emt 00:00:26]} d5 {[%clk 01:30:32]}
{[%emt 00:00:28]} 3. e5 {[%clk 01:30:53]} {[%emt 00:00:36]} c5 {[%clk
01:29:45]} {[%emt 00:01:16]} 4. c3 {[%clk 01:30:20]} {[%emt 00:01:02]} Nc6
{[%clk 01:30:07]} {[%emt 00:00:09]} 5. Nf3 {[%clk 01:30:27]} {[%emt 00:00:23]}
Qb6 {[%clk 01:30:31]} {[%emt 00:00:07]} 6. Bd3 {[%clk 01:29:46]} {[%emt
00:01:10]} cxd4 {[%clk 01:28:40]} {[%emt 00:02:21]} 7. O-O {[%clk 01:29:01]}
{[%emt 00:01:15]} dxc3 {[%clk 01:22:54]} {[%emt 00:06:16]} 8. Nxc3 {[%clk
01:28:35]} {[%emt 00:00:55]} Nge7 {[%clk 01:22:13]} {[%emt 00:01:12]} 9. Re1
{[%clk 01:24:34]} {[%emt 00:04:31]} Ng6 {[%clk 01:19:37]} {[%emt 00:03:05]} 10.
h4 {[%clk 01:18:41]} {[%emt 00:06:24]} Be7 {[%clk 01:18:11]} {[%emt 00:01:56]}
11. g3 {[%clk 01:09:14]} {[%emt 00:09:56]} Nf8 {[%clk 01:14:15]} {[%emt
00:04:25]} 12. Qe2 {[%clk 01:02:18]} {[%emt 00:07:28]} a6 {[%clk 01:10:54]}
{[%emt 00:03:51]} 13. a3 {[%clk 00:54:31]} {[%emt 00:08:16]} Bd7 {[%clk
01:09:01]} {[%emt 00:02:23]} 14. Bd2 {[%clk 00:50:44]} {[%emt 00:04:16]} Rc8
{[%clk 01:04:02]} {[%emt 00:05:29]} 15. b4 {[%clk 00:46:58]} {[%emt 00:04:17]}
Nd4 {[%clk 01:00:00]} {[%emt 00:04:32]} 16. Nxd4 {[%clk 00:45:05]} {[%emt
00:02:23]} Qxd4 {[%clk 01:00:28]} {[%emt 00:00:02]} 17. Rac1 {[%clk 00:36:39]}
{[%emt 00:08:56]} Ng6 {[%clk 00:57:39]} {[%emt 00:03:19]} 18. h5 {[%clk
00:26:39]} {[%emt 00:10:31]} Nxe5 {[%clk 00:57:45]} {[%emt 00:00:23]} 19. Qxe5
{[%clk 00:25:18]} {[%emt 00:01:51]} Qxd3 {[%clk 00:58:14]} {[%emt 00:00:02]}
20. Qxg7 {[%clk 00:22:03]} {[%emt 00:03:45]} Rf8 {[%clk 00:58:41]} {[%emt
00:00:02]} 21. Rcd1 {[%clk 00:13:47]} {[%emt 00:08:46]} Qf3 {[%clk 00:51:11]}
{[%emt 00:08:00]} 22. Qe5 {[%clk 00:02:13]} {[%emt 00:12:04]} f6 {[%clk
00:46:22]} {[%emt 00:05:19]} 23. Qe2 {[%clk 00:00:47]} {[%emt 00:01:57]} Qxe2
{[%clk 00:45:52]} {[%emt 00:00:58]} 24. Rxe2 {[%clk 00:00:59]} {[%emt
00:00:19]} d4 {[%clk 00:45:57]} {[%emt 00:00:25]} 25. Ne4 {[%clk 00:00:48]}
{[%emt 00:00:41]} e5 {[%clk 00:45:29]} {[%emt 00:00:58]} 26. f4 {[%clk
00:00:44]} {[%emt 00:00:34]} Bg4 {[%clk 00:45:39]} {[%emt 00:00:20]} 0-1